000 00252nam a2200097Ia 4500
008 231107s2003 xx 000 0 und d
041 _aeng
100 _aKarl H.J.
245 _aStaircases: Design & Construction
260 _aBerlin
_bBirkhauser pub.
_c2003
999 _c924836
_d924836